000
00270nam a22001097a 4500
040
_c
SY
082
_a
658
100
_a
អេង លេង
245
_a
ការគ្រប់គ្រងហិរញ្ញវត្ថុ
260
_a
RUA
_b
អេង
_c
2011
942
_c
KB
999
_c
9961
_d
9961